000 00841nas a2200265 n 4500
001 C2-0289699
003 PPAK
005 20250309121956.0
008 080828s20049999my mr||| ||||| | may d
040 _aPPAK
_beng
_cPPAK
_erda
082 0 4 _223
_a899.23
090 0 0 _a899.23
_bWAR
_dKSS
090 2 0 _a899.23
_bWAR
_dKZR
245 0 0 _aWARTA GAPENA
264 1 _aKuala Lumpur :
_bGabungan Persatuan Penulis Nasional Malaysia,
_c2004
300 _a1 volume (various pagings) :
_bcolour photographs ;
_c30 cm
336 _2rdacontent
_atext
337 _2rdamedia
_aunmediated
338 _2rdacarrier
_avolume
500 _aAvailable at PPAK : OGOS 2004
500 _aAvailable at PPAK : JULAI-SEPTEMBER 2016
500 _aAvailable at PPAK : OKTOBER-DISEMBER 2016
650 1 0 _aMalay literature
942 _cB
_2ddc
999 _c95074
_d95074